Vida y muerte del príncipe don Juan: historia y literatura

Na minha lista:
Detalhes bibliográficos
Main Authors: Alcalá, Angel (Author), Sanz Hermida, Jacobo (Author)
Formato: Livro
Idioma:espanhol
Publicado em: Valladolid, España Junta de Castilla y León 1999
Assuntos:
Tags: Adicionar Tag
Sem tags, seja o primeiro a adicionar uma tag!

MARC

LEADER 00000nam a2200000 a 4500
001 UCN2606
003 CL-VaPUC
005 20200508112322.0
008 010530e19990000SP |||||||||||||||||spa|d
999 |c 295660  |d 295658 
040 |c Pontificia Universidad Católica de Valparaíso 
082 0 4 |a 923.1 ALC 1999  |2 21 
100 0 |a Alcalá, Angel  |e author  |9 458649 
245 1 0 |a Vida y muerte del príncipe don Juan:  |b  historia y literatura 
260 |a Valladolid, España  |b Junta de Castilla y León  |c 1999 
300 |a 379 páginas 
583 |a last modification  |c 20010530 00:00:00  |k Rodrigo Vera 
600 0 7 |a PRINCIPE DON JUAN  |2 CL-VaPUC  |9 458651  |z ESPAÑA 
650 7 |a BIOGRAFIAS  |2 CL-VaPUC  |9 458652  |x REYES ESPAÑOLES 
650 7 |a REYES CATOLICOS  |2 CL-VaPUC  |9 420971  |x MONARQUIA ESPAÑOLA 
700 0 |a Sanz Hermida, Jacobo  |e author  |9 458650 
852 |a BIBCUR 
942 |c BK  |2 ddc 
945 |d 20010530 00:00:00  |a cmena 
952 |0 0  |1 0  |2 ddc  |4 0  |6 923_100000000000000_ALC_1999  |7 0  |8 A  |9 348958  |a BIBHIS  |b BIBHIS  |d 2019-11-20  |i 3675556  |o 923.1 ALC 1999  |p 3675556  |r 2025-01-20  |t 1  |w 2019-11-20  |y BK  |k HIS